000 00408 a2200133 4500
001 64418
040 _cAnchieta - Pituba
240 1 0 _aAnuário empresarial da Bahia, 2017-2018
_lpor
245 1 0 _aAnuário empresarial da Bahia, 2017-2018
300 _a96
362 0 _a2017
650 4 _aEnciclopédias gerais (almanaques, anuários enciclopédicos e obras de carácter geral sobre curiosidades
942 _cBK
999 _c64418
_d64418